| 000 | 01275nam a2200289 i 4500 | ||
|---|---|---|---|
| 001 | 113769 | ||
| 003 | ES-MaACL | ||
| 005 | 20251201150038.0 | ||
| 007 | t| | ||
| 008 | 061121s1919 sp |||| | spa d | ||
| 080 | _a327(46:45)"15"(093.3) | ||
| 080 | _a946"1517/1556"(093.3) | ||
| 100 | 1 |
_aMarín, Fernando _cAbad de Nájera. _9149152 |
|
| 245 | 1 | 3 |
_aLa política española en Italia _b: correspondencia de D. Fernando Marín, Abad de Nájera, con Carlos I (1521-1524) / _cpor Enrique Pacheco y de Leyva. |
| 260 |
_aMadrid : _bJunta para Ampliación de Estudios e Investigaciones Científicas, Centro de Estudios Históricos, _c1919. |
||
| 300 |
_aXLVIII, 540 p. ; _c25 cm. |
||
| 530 | _aDisponible en formato digital. | ||
| 600 | 0 | 4 |
_aCarlos _bI, _cRey de España- _xCorrespondencia _935299 |
| 651 |
_aEspaña- _xRelaciones- _zItalia. _9153911 |
||
| 651 | 4 |
_aEspaña- _xHistoria- _y1516-1556, Carlos I. _98224 |
|
| 700 | 1 |
_aPacheco y de Leyva, Enrique, _d1878-1924 _988141 |
|
| 710 | 2 |
_aCentro de Estudios Históricos. _92648 |
|
| 852 |
_aES-MaACL _jB-13345 _cSPB |
||
| 856 | 4 |
_uhttp://ciconia.gobex.es/biblioteca/es/consulta/registro.cmd?id=4472 _y(Biblioteca Digital del Patrimonio Cultural de Extremadura) |
|
| 942 | _2udc | ||
| 999 |
_c113769 _d113769 |
||